|
|
|
|
| LEADER |
00000nas a22000007a 4500 |
| 005 |
20130315095420.0 |
| 007 |
cr|||| |||| |
| 008 |
130315c19919999sp ar|p s|||| 0|||b1spa d |
| 022 |
|
|
|a 11321873
|
| 035 |
|
|
|a 7241
|
| 040 |
|
|
|a vLex
|
| 090 |
|
|
|c 3923
|d 3923
|
| 245 |
0 |
0 |
|a Revista General de Informacin̤ y Documentacin̤
|h [Recurso electrn̤ico]
|
| 256 |
|
|
|a Servicio en ln̕ea
|
| 260 |
|
|
|a Madrid :
|b Universidad Complutense de Madrid,
|c 1991-
|
| 300 |
|
|
|a 1 Recurso electrn̤ico
|
| 506 |
|
|
|d vLex Global
|d vLex Global (Academic Edition, excluding Law Schools)
|d vLex Global (U.S. Academic Edition, Law Schools)
|d vLex Global (U.S. Academic Edition, excluding Law Schools)
|d vLex Global (Academic Edition, Law Schools)
|
| 650 |
0 |
4 |
|a Ciencias de la Documentacin̤
|v Revistas
|
| 740 |
|
|
|a vLex Revistas (Servicio en ln̕ea)
|
| 856 |
|
|
|a Acceso restringido
|u http://www.vlex.com/source/7241
|
| 942 |
|
|
|c REV
|
| 999 |
|
0 |
|a Information science
|